The Futures Game : (Record no. 22097)

MARC details
000 -LEADER
fixed length control field 01338nam a22004577a 4500
003 - CONTROL NUMBER IDENTIFIER
control field IBSLLIB
005 - DATE AND TIME OF LATEST TRANSACTION
control field 20260511053515.0
008 - FIXED-LENGTH DATA ELEMENTS--GENERAL INFORMATION
fixed length control field 260511b |||||||| |||| 00| 0 eng d
020 ## - INTERNATIONAL STANDARD BOOK NUMBER
International Standard Book Number 0070637342
040 ## - CATALOGING SOURCE
Original cataloging agency ISBLLIB
Language of cataloging English
041 ## - LANGUAGE CODE
Language code of original Eng
082 ## - DEWEY DECIMAL CLASSIFICATION NUMBER
Classification number 332.6
Item number TEW
100 ## - MAIN ENTRY--PERSONAL NAME
Personal name Teweles , Richard J
245 ## - TITLE STATEMENT
Title The Futures Game :
Remainder of title Who Wins? Who Loses? Why?
250 ## - EDITION STATEMENT
Edition statement 2nd ed.
260 ## - PUBLICATION, DISTRIBUTION, ETC. (IMPRINT)
Place of publication, distribution, etc. New York :
Name of publisher, distributor, etc. McGraw-Hill Book Company ,
Date of publication, distribution, etc. 1974
300 ## - PHYSICAL DESCRIPTION
Extent 649 p ;
Other physical details 24 cm
505 ## - FORMATTED CONTENTS NOTE
Formatted contents note Why trade Futures?
505 ## - FORMATTED CONTENTS NOTE
Formatted contents note The Natures of the futures Markets
505 ## - FORMATTED CONTENTS NOTE
Formatted contents note The Mechanics of Futures Trading
505 ## - FORMATTED CONTENTS NOTE
Formatted contents note Money Management
505 ## - FORMATTED CONTENTS NOTE
Formatted contents note Who Wins? Who Loses? Why?
505 ## - FORMATTED CONTENTS NOTE
Formatted contents note General Sources of Information
505 ## - FORMATTED CONTENTS NOTE
Formatted contents note The Soybean complex and Grains
505 ## - FORMATTED CONTENTS NOTE
Formatted contents note The Meat Futures Contracts
505 ## - FORMATTED CONTENTS NOTE
Formatted contents note The Financial Futures Markets
505 ## - FORMATTED CONTENTS NOTE
Formatted contents note A Potpourri of Commodities
650 ## - SUBJECT ADDED ENTRY--TOPICAL TERM
Topical term or geographic name as entry element Economics
650 ## - SUBJECT ADDED ENTRY--TOPICAL TERM
Topical term or geographic name as entry element Financial Economics
650 ## - SUBJECT ADDED ENTRY--TOPICAL TERM
Topical term or geographic name as entry element Investment
653 ## - INDEX TERM--UNCONTROLLED
Uncontrolled term Commodity exchanges
653 ## - INDEX TERM--UNCONTROLLED
Uncontrolled term Financial futures
653 ## - INDEX TERM--UNCONTROLLED
Uncontrolled term Speculation
653 ## - INDEX TERM--UNCONTROLLED
Uncontrolled term Introduction
653 ## - INDEX TERM--UNCONTROLLED
Uncontrolled term Statistical Evidence
653 ## - INDEX TERM--UNCONTROLLED
Uncontrolled term Conceptual foundation
653 ## - INDEX TERM--UNCONTROLLED
Uncontrolled term Behavioral skills
653 ## - INDEX TERM--UNCONTROLLED
Uncontrolled term Economic Growth
700 ## - ADDED ENTRY--PERSONAL NAME
Personal name Jones , Frank J
Relator term Coo Author
942 ## - ADDED ENTRY ELEMENTS (KOHA)
Koha item type Lending Book
Holdings
Withdrawn status Lost status Damaged status Not for loan Collection code Permanent Location Current Location Shelving location Date acquired Source of acquisition Inventory number Full call number Barcode Koha item type
        Lending Collection IBSL Library IBSL Library Lending Section 30/04/2026 Donation 10882 332.6 TEW 10882 Lending Book
Copyright © 2024 IBSL Library, All rights reserved.
mail to: library@ibsl.lk | Contact: 0112425735 | Library Address: IBSL Library, 80A, Elvitigala Mawatha, Colombo 008